Not Corrupt countries Sudden Death - Statistics

General Stats
  • This quiz has been taken 15 times
  • The average score is 5 of 10
Answers on the Grid
Answers color-coded by a green-red scale on the quiz's grid according to % correct below.
São Tomé and Principe
Cabo Verde
Israel
Suriname
Lesotho
Equitorial Guinea
St. Vincent and the Grenadines
Estonia
Moldova
Bhutan
China
United States
Brunei
Kuwait
Montenegro
Jordan
Kyrgyzstan
Eswatini
Singapore
Chile
 
Answer Stats
Answer % Correct
84 Singapore
90%
76 Estonia
70%
63 Brunei
60%
62 Israel
60%
64 United States
50%
71 Bhutan
40%
63 Chile
40%
63 St. Vincent and the Grenadines
30%
62 Cabo Verde
20%
50 Jordan
20%
No matching quizzes found
Score Distribution
Percent of People with Each Score
Percentile by Number Answered
Your Score History
You have not taken this quiz